00389nam a2200133Ia 450000500170000000800410001702000180005808200230007610000390009924500680013826000270020630000130023344000090024620240704095112.0240126s9999 xx 000 0 und d a9780750682336 a392.5068 DAN;1 R aDaniels, Maggie. Loveless, Carrie. 0aWedding planning and management consultancy for diverse clients bOxfordaElsevierc2007 axix, 498 aNULL